| 000 | 00594nam a2200217Ia 4500 | ||
|---|---|---|---|
| 001 | 228 | ||
| 005 | 20251203123020.0 | ||
| 008 | 251203t2000||||xx |||||||||||||| ||spa|| | ||
| 020 | _a9972625013 | ||
| 041 | _aESP | ||
| 082 |
_aRDE 036 _bL539 |
||
| 110 | _aLexus Editores | ||
| 245 | 0 |
_aLexus : _bdiccionario enciclopédico color |
|
| 260 |
_aBarcelona : _bLexus Editores, _c2000 |
||
| 300 |
_a984 páginas : _b ilustraciones, mapas ; _c 27 cm. _e |
||
| 440 |
_a _n _v |
||
| 650 | _aGEN | ||
| 653 | _aObras enciclopédicas en Español; Diccionario | ||
| 654 | _aCTP | ||
| 942 |
_cDIC _dJUS _fTRC _2ddc _n |
||
| 999 |
_c228 _d228 |
||